|
|
|
|
| LEADER |
00000nam a2200000 a 4500 |
| 001 |
vtls001483462 |
| 003 |
SK-MaSNL |
| 005 |
20260301163906.0 |
| 008 |
240313s1872 xr f 00000 ger |
| 020 |
|
|
|q (brož.)
|
| 035 |
|
|
|a SNK000438756
|
| 040 |
|
|
|a SNK
|b slo
|c SNK
|e AACR2
|
| 041 |
0 |
|
|a ger
|
| 044 |
|
|
|a xr
|c CZ
|
| 072 |
|
7 |
|a 821.162.3.09
|x Česká literatúra (o nej)
|2 konspekt
|
| 080 |
|
|
|a 821.162.3-051
|2 2001
|
| 080 |
|
|
|a 070.4-051
|2 2001
|
| 080 |
|
|
|a 316.64
|2 2001
|
| 080 |
|
|
|a (437.3)
|2 2001
|
| 080 |
|
|
|a (049.2)
|2 2001
|
| 100 |
1 |
|
|a Sabina, Karel,
|d 1813-1877
|4 aut
|9 93816
|
| 245 |
1 |
0 |
|a Vertheidigung gegen Lügner und Verläumder
|c von Karl Sabina
|
| 260 |
|
|
|a Prag
|b Verlag des Verfassers
|c 1872
|
| 300 |
|
|
|a 42 s.
|c 21 cm
|
| 500 |
|
|
|a Rozmn.
|
| 648 |
|
7 |
|a 19. stor.
|2 SNKPH
|9 278793
|
| 650 |
0 |
7 |
|a českí spisovatelia
|2 SNKPH
|9 82537
|
| 650 |
0 |
7 |
|a publicisti
|2 SNKPH
|9 63929
|
| 650 |
0 |
7 |
|a názory a postoje
|2 SNKPH
|9 4303
|
| 651 |
|
7 |
|a Česko
|2 SNKPH
|9 16753
|
| 655 |
|
7 |
|a polemiky
|2 SNKPH
|9 22317
|
| 752 |
|
|
|a Česko
|d Praha
|
| 999 |
|
|
|c 818655
|d 820585
|
| 952 |
|
|
|t P60, <03>, [BOOK], {603}, -K-
|a SNK
|b SNK
|y VYP
|7 0
|p 17A0445083
|o snkIC 131739
|i snkD 1182/2004
|0 0
|1 0
|4 0
|d 2004-10-13
|l 0
|r 2005-01-02 00:00:00
|w 2026-02-24
|